000 00949nam a22002537a 4500
005 20110923165942.0
008 110923t xxu||||| |||| 00| 0 eng d
010 _aENG-103851
020 _c30.00
_a9788172087845
035 _aEN-87384
037 _bDBAD/PUB
040 _aDPL
_bEng
082 _a230.35
100 _934818
_aSai Baba, Bhagawan Sri Sathya
245 _aGuidelines to active workers of Sri Sathya Sai seva organisations /
_cBhagawan Sri Sathya sai Baba
260 _aPrasanthi Nilayam
_bSri Sathya Sai Sadhana Trust
_c2010
270 _aPrasanthi Nilayam
_bA.P.
_e515134
_k08555-287375
_l287236
_menquiry@sssbpt.org
300 _axiv,121p.
_c22cm (pbk)
650 _934827
651 _934820
700 _934830
942 _2ddc
_cEN
_mSAI
_h230.35
999 _c57043
_d57043